| 000 | 00764cam a22002412 4500 | ||
|---|---|---|---|
| 001 | 0000005087 | ||
| 005 | 20151217151952.0 | ||
| 008 | 070606s xx 000 0 eng d | ||
| 020 |
_a0131457306 : _cGBP 54.99 |
||
| 040 |
_aKABU _cKABU |
||
| 050 | 0 |
_aTA705 _b.K44 2006 |
|
| 100 | 1 |
_aKehew, Alan E. _@0000156162 |
|
| 245 | 1 | 0 | _aGeology for engineers and environmental scientists. |
| 250 | _a3rd ed. | ||
| 260 |
_aUpper Saddle River, NJ : _bPrentice Hall, _c2006. |
||
| 300 | _axix, 696 p. | ||
| 650 | 0 |
_aEngineering geology. _@0000156159 |
|
| 908 | _a070606 | ||
| 950 | _@1 | ||
| 999 |
_c6839 _d6839 |
||